<?xml version="1.0" encoding="UTF-8"?>
<record
    xmlns:xsi="http://www.w3.org/2001/XMLSchema-instance"
    xsi:schemaLocation="http://www.loc.gov/MARC21/slim http://www.loc.gov/standards/marcxml/schema/MARC21slim.xsd"
    xmlns="http://www.loc.gov/MARC21/slim">

  <leader>01295nab a22002417a 4500</leader>
  <datafield tag="999" ind1=" " ind2=" ">
    <subfield code="c">6063</subfield>
    <subfield code="d">6063</subfield>
  </datafield>
  <controlfield tag="003">OSt</controlfield>
  <controlfield tag="005">20260121001831.0</controlfield>
  <controlfield tag="008">190514b        xxu||||| |||| 00| 0 spa d</controlfield>
  <datafield tag="040" ind1=" " ind2=" ">
    <subfield code="c">PJ</subfield>
  </datafield>
  <datafield tag="100" ind1=" " ind2=" ">
    <subfield code="9">4332</subfield>
    <subfield code="a">Pellegrini, Mar&#xED;a Victoria</subfield>
  </datafield>
  <datafield tag="245" ind1="1" ind2="3">
    <subfield code="a">La finalidad de la compensaci&#xF3;n econ&#xF3;mica como gu&#xED;a de las operaciones de cuantificaci&#xF3;n y modalidad de pago /</subfield>
    <subfield code="c">Mar&#xED;a Victoria Pellegrini. </subfield>
  </datafield>
  <datafield tag="300" ind1=" " ind2=" ">
    <subfield code="a">p. 28-39 </subfield>
  </datafield>
  <datafield tag="500" ind1=" " ind2=" ">
    <subfield code="a">Cita: TR LALEY AR/DOC/981/2024.</subfield>
  </datafield>
  <datafield tag="505" ind1=" " ind2=" ">
    <subfield code="a">Sumario: I. Introducci&#xF3;n.&#x2014; II. S&#xED;ntesis de la sentencia.&#x2014; III. La compensaci&#xF3;n econ&#xF3;mica y el r&#xE9;gimen patrimonial del matrimonio.&#x2014; IV. La cuantificaci&#xF3;n de la compensaci&#xF3;n econ&#xF3;mica.&#x2014; V. El pago de la compensaci&#xF3;n econ&#xF3;mica.&#x2014; VI. Palabras de cierre. </subfield>
  </datafield>
  <datafield tag="505" ind1=" " ind2=" ">
    <subfield code="t">Fallo comentado:  CNCiv., sala B ~ 26/10/2023 ~ M., M. C. c. D., O. D. s/ fijaci&#xF3;n de compensaci&#xF3;n econ&#xF3;mica - Arts. 441 y 442 CCCN</subfield>
  </datafield>
  <datafield tag="650" ind1=" " ind2="0">
    <subfield code="9">967</subfield>
    <subfield code="a">DERECHO DE FAMILIA</subfield>
  </datafield>
  <datafield tag="650" ind1=" " ind2="0">
    <subfield code="9">5830</subfield>
    <subfield code="a">COMPENSACI&#xD3;N ECON&#xD3;MICA</subfield>
  </datafield>
  <datafield tag="650" ind1=" " ind2="0">
    <subfield code="9">977</subfield>
    <subfield code="a">DIVORCIO</subfield>
  </datafield>
  <datafield tag="650" ind1=" " ind2="0">
    <subfield code="9">1053</subfield>
    <subfield code="a">UNIONES CONVIVENCIALES</subfield>
  </datafield>
  <datafield tag="650" ind1=" " ind2="0">
    <subfield code="9">1057</subfield>
    <subfield code="a">JURISPRUDENCIA APLICABLE</subfield>
  </datafield>
  <datafield tag="773" ind1="0" ind2=" ">
    <subfield code="0">2844</subfield>
    <subfield code="9">3222</subfield>
    <subfield code="d">Buenos Aires : AbeledoPerrot, 1989-</subfield>
    <subfield code="t">Derecho de familia. Revista Interdisciplinaria de doctrina y jurisprudencia. Junio 2024-III.</subfield>
    <subfield code="z">18511201</subfield>
  </datafield>
  <datafield tag="942" ind1=" " ind2=" ">
    <subfield code="2">udc</subfield>
    <subfield code="c">ANA</subfield>
  </datafield>
</record>
